| 000 | 00365nam a2200133Ia 4500 | ||
|---|---|---|---|
| 008 | 240624s9999 xx 000 0 und d | ||
| 041 | _aeng | ||
| 082 | _a828 AHL | ||
| 100 | _aAHLUWALIA KIRANJIT | ||
| 245 | _aPROVOKED THE STORY OF KIRANJIT AHLUWALIA | ||
| 260 |
_c2008 _aLondon _bHarperCollins Publishers |
||
| 300 | _axiv, : 394 : p. : cm. ; 19 | ||
| 365 |
_cRS _b15 |
||
| 999 |
_c14652 _d14652 |
||